000
00401nam a2200145Ia 4500
008
100122s9999 xx 000 0 und d
082
_b
14437
_a
823
100
_a
लाटे दीनानाथ
245
_a
गुलशन
260
_b
युवा प्रकाशन संस्था
_c
1967
300
_a
207
630
_a
गुलशन
730
_a
गुलशन
942
_c
BOOK
999
_c
404943
_d
404940